Meyers Lexikon
Gespeichert in:
| Format: | Buch |
|---|---|
| Sprache: | Deutsch |
| Veröffentlicht: |
Leipzig
Bibliographisches Institut
1924-1933
|
| Tags: |
Keine Tags, Fügen Sie das erste Tag hinzu!
|
MARC
| LEADER | 00000nam a2200000 4500 | ||
|---|---|---|---|
| 001 | c123319 | ||
| 005 | 20041019155228.0 | ||
| 041 | 0 | |a ger | |
| 044 | |a DE | ||
| 245 | 1 | 0 | |a Meyers Lexikon |
| 264 | 1 | |a Leipzig |b Bibliographisches Institut |c 1924-1933 | |
| 300 | |a 15 zv. | ||